MARC

LEADER 00000nam0a2200000 4500
001 82282
005 20231031095629.0
020 |a RU  |b 88-1003 
035 |a (RuTPU)RU\TPU\book\88428 
090 |a 82282 
100 |a 20050929d1987 m y0rusy5003 ca 
101 0 |a rus 
102 |a RU 
105 |a a j 000zy 
200 1 |a Гидравлика  |e учебник  |f Е. З. Рабинович, А. Е. Евгеньев 
205 |a 3-е изд., перераб. и доп. 
210 |a Москва  |c Недра  |d 1987 
215 |a 224,[1] с.  |c ил.  |d 20 см 
225 1 |a Среднетехническое образование 
451 1 |0 (RuTPU)RU\TPU\book\42638  |t Гидравлика  |o учебное пособие  |f Е. З. Рабинович  |c Москва  |n Недра  |d 1980  |p 278 с.  |a Рабинович, Ефим Зиновьевич 
610 1 |a гидравлика 
610 1 |a гидростатика 
610 1 |a гидродинамика 
610 1 |a гидравлические сопротивления 
610 1 |a трубопроводы 
610 1 |a неньютоновские жидкости 
610 1 |a учебники 
610 1 |a жидкости 
610 1 |a движение 
675 |a 532(075.8)  |v 3 
700 1 |a Рабинович  |b Е. З.  |g Ефим Зиновьевич 
701 1 |a Евгеньев  |b А. Е.  |g Александр Евгеньевич 
801 0 |a RU  |b RuMRKP  |c 19950417  |g psbo 
801 1 |a RU  |b 63413507  |c 20050929  |g PSBO 
801 2 |a RU  |b 63413507  |c 20161107  |g PSBO 
900 |a Основы гидравлики, гидрологии и гидрометрии 
900 |a Гидравлика 
942 |c BK